01087nam a2200253 a 45000010005000000030009000050080041000140200015000550400028000700820015000981000026001132450093001392500006002322600033002383000010002714900027002815050256003086500035005646500033005996500022006329420012006549990017006669520150006834658CO-ViMGA141112s2004 ck r 000 u spa d a8474325609 aCO-ViMGAbspacCO-ViMGA04a371.3 P3741 aParking, David95564110aLa escuela inteligente : bdel adiestramiento de la memoria a la educación de la mente a1 aBarcelona : bGedisa, c1995 a262 p aDebate socio educativo aLa escuela inteligente. Las campanas de alarma. La enseñanza y el aprendizaje. El contenido hacia una pedagogia de la comprension. El curriculum. Las aulas. Motivacion. Jardines de la victoria para revitalizar la educación.El desafio de un cambio.14aINNOVACIONES EDUCATIVAS95564214aMETODOS DE ENSEÑANZA9404814aREFORMA EDUCATIVA 2ddccBK c16668d16668 01102ddc44708003aMEVIECARbMEVIECARd2015-12-04hVolumen. 1 | 11/jun/2009l0o371.3 P374 p06499r2015-12-04 00:00:00tEj. 1w2015-12-04yBK